| 000 -CABECERA |
| campo de control de longitud fija |
01336nam a22002297a 4500 |
| 003 - IDENTIFICADOR DEL NÚMERO DE CONTROL |
| campo de control |
OSt |
| 005 - FECHA Y HORA DE LA ÚLTIMA TRANSACCIÓN |
| campo de control |
20240527154410.0 |
| 008 - DATOS DE LONGITUD FIJA--INFORMACIÓN GENERAL |
| campo de control de longitud fija |
240527b ||||| |||| 00| 0 spa d |
| 020 ## - NÚMERO INTERNACIONAL ESTÁNDAR DEL LIBRO |
| Número Internacional Estándar del Libro |
9789800123546 |
| 040 ## - FUENTE DE LA CATALOGACIÓN |
| Centro/agencia transcriptor |
CO-Mq BPB |
| 041 ## - CÓDIGO DE LENGUA |
| Código de lengua del texto/banda sonora o título independiente |
spa |
| 082 ## - NÚMERO DE LA CLASIFICACIÓN DECIMAL DEWEY |
| Número de clasificación |
AP |
| Número de documento/Ítem |
ORTm |
| 100 ## - ENTRADA PRINCIPAL--NOMBRE DE PERSONA |
| Nombre de persona |
Ortega, Miguel Enrique |
| Término indicativo de función/relación |
Autor |
| 245 ## - MENCIÓN DE TÍTULO |
| Título |
El mudo pedante: |
| Resto del título |
las formas del fuego |
| 264 ## - PRODUCCIÓN, PUBLICACIÓN, DISTRIBUCIÓN, FABRICACIÓN Y COPYRIGHT |
| Producción, publicación, distribución, fabricación y copyright |
Caracas - Venezuela: |
| Nombre del de productor, editor, distribuidor, fabricante |
Monte Ávila Editores Latinoamericana |
| Fecha de producción, publicación, distribución, fabricación o copyright |
2022 |
| 300 ## - DESCRIPCIÓN FÍSICA |
| Extensión |
84 páginas |
| Otras características físicas |
tapa rustica |
| Dimensiones |
22 cm |
| 521 ## - NOTA DE PÚBLICO DESTINATARIO |
| Nota de público destinatario |
El mundo pedante es un libro que expresa la voz de un personaje habitualmente silencioso cargado de opiniones polémicas y abrasivas en una sociedad que, por un lado , se sostiene de bases científicas, pero por otro lado, derrumba sin piedad las bases que la sostienen: el cambio climático, la crueldad hacia las especies animales y similares, la caótica vida en las grandes ciudades y otros temas que este personaje no puede tocar en publico a no ser que su intención sea ser victima del linchamiento. En otro orden, este libro abraza temas de lo cotidiano con toda su belleza implícita que, sin duda alguna, sostienen a este <<mudo pedante>> en un mundo que diverge a su oculta opinión de las cosas. |
| 650 ## - PUNTO DE ACCESO ADICIONAL DE MATERIA--TÉRMINO DE MATERIA |
| Término de materia o nombre geográfico como elemento de entrada |
Literatura venezolana |
| 650 ## - PUNTO DE ACCESO ADICIONAL DE MATERIA--TÉRMINO DE MATERIA |
| Término de materia o nombre geográfico como elemento de entrada |
Poesía venezolana |
| 650 ## - PUNTO DE ACCESO ADICIONAL DE MATERIA--TÉRMINO DE MATERIA |
| Término de materia o nombre geográfico como elemento de entrada |
Sociedad |
| 942 ## - ELEMENTOS DE PUNTO DE ACCESO ADICIONAL (KOHA) |
| Fuente del sistema de clasificación o colocación |
|
| Tipo de ítem Koha |
Libro Literatura |